000 00657nam a2200217Ia 4500
005 20241129115604.0
008 241129s9999||||xx |||||||||||||| ||und||
020 _a9788183154987
037 _aTB
040 _aSDCL
_beng
_cSDCL
041 _ahin
_2hin
084 _aV2:51'N47 R2
_qSDCL
100 _aTripathi Radhavallabh
245 0 _aSwatantrata sangram aur sanskrit : Bhartiya navjagran tatha swatantrata sangram mein sanskrit ki bhoomika
260 _aDelhi
_bNew Bhartiya Book Corporation
_c2022
300 _axvii,213p.
365 _aINR
_b600
650 _aSanskrit
942 _cTB
_hV2:51'N47 R2
999 _c1231109
_d1231109